Hans Vandekerckhove : gimme shelter /

Bibliographic Details
Main Author: Vandekerckhove, Hans, 1957-
Other Authors: Rinckhout, Eric, Boogaard, Oscar van den, Simpson, Helen, Duvillier, Jeroen
Format: Book
Language:English
Published: Tielt, Belgium : Lanoo, [2015]
Subjects:

MARC

Tag First Indicator Second Indicator Subfields
LEADER 00000cam a2200000Ia 4500
001 in00003774530
005 20170927135436.0
008 150918s2015 be ac bc 000 0deng d
020 |a 9789401428897 
020 |a 9401428891 
035 |a (OCoLC)ocn921865245 
035 |a (OCoLC)921865245 
040 |a BTCTA  |b eng  |c BTCTA  |d YDXCP  |d BDX  |d JPG  |d OCLCF  |d OCLCQ  |d TXA  |d UtOrBLW 
049 |a TXAM 
050 4 |a ND673.V35  |b A4 2015 
100 1 |a Vandekerckhove, Hans,  |d 1957-  |0 http://id.loc.gov/authorities/names/nr2006009319 
245 1 0 |a Hans Vandekerckhove :  |b gimme shelter /  |c teksten, Eric Rinckhout & Oscar van den Boogaard ; vertaling, Helen Simpson ; redactie, Jeroen Duvillier. 
246 3 0 |a Gimme shelter 
264 1 |a Tielt, Belgium :  |b Lanoo,  |c [2015] 
264 4 |c ©2015 
300 |a 159 pages :  |b illustrations (chiefly color), portraits ;  |c 31 cm 
336 |a text  |b txt  |2 rdacontent 
337 |a unmediated  |b n  |2 rdamedia 
338 |a volume  |b nc  |2 rdacarrier 
504 |a Includes bibliographical references. 
600 1 0 |a Vandekerckhove, Hans,  |d 1957-  |v Catalogs. 
650 0 |a Painting, Belgian  |y 21st century  |v Catalogs. 
600 1 7 |a Vandekerckhove, Hans,  |d 1957-  |2 fast  |0 (OCoLC)fst01640110 
650 7 |a Painting, Belgian.  |2 fast  |0 (OCoLC)fst01050693 
648 7 |a 2000 - 2099  |2 fast 
655 7 |a Catalogs.  |2 fast  |0 (OCoLC)fst01423692 
700 1 |a Rinckhout, Eric.  |0 http://id.loc.gov/authorities/names/n2006081846 
700 1 |a Boogaard, Oscar van den.  |0 http://id.loc.gov/authorities/names/no94016108 
700 1 |a Simpson, Helen.  |0 http://id.loc.gov/authorities/names/n84108567 
700 1 |a Duvillier, Jeroen.  |0 http://id.loc.gov/authorities/names/nb2017004757 
994 |a C0  |b TXA 
945 |a PromptCat 
948 |a cataloged  |b h  |c 2016/5/19  |d c  |e jlanham  |f 2:28:24 pm 
999 f f |s 0b2ec075-d5ed-30d4-81f3-9ef19ee5e919  |i 78892a36-19c9-3600-b74b-4f62d8237791  |t 0 
952 f f |p normal  |a Texas A&M University  |b College Station  |c Sterling C. Evans Library  |d Evans: Library Stacks  |t 0  |e ND673.V35 A4 2015  |h Library of Congress classification  |i unmediated -- volume  |m A14843403198 
998 f f |a ND673.V35 A4 2015  |t 0  |l Evans: Library Stacks